000 01107cam a2200301 4500
001 4105556
005 20151008154408.0
008 711029s1970 onc 000 0 eng
010 _a 74854653
015 _aC71-1006
040 _aDLC
_cDLC
_dDLC
041 1 _aengfre
050 0 0 _aBX2435
_b.V6313
082 0 0 _a248.8/94
100 1 _aVoillaume, René.
_920180
240 1 0 _aVie religieuse dans le monde actuel.
_lEnglish
245 1 0 _aReligious life in today's world.
_cTranslated from the French by Catherine Ann MacDonald.
260 _aOttawa,
_bCanadian Religious Conference,
_c1970.
300 _a303 p.
_c23 cm.
350 _a$4.85
490 1 _aVita evangelica
_v4
500 _aTranslation of La vie religieuse dans le monde actuel.
500 _aRev. transcriptions of a series of talks given by the author in French to various groups of sisters in and around Quebec and Montreal.
650 0 _aMonastic and religious life.
_920181
830 0 _aCollection "Vita envangelica." ;
_vno 4.
_920182
906 _a7
_bcbc
_corignew
_d4
_encip
_f19
_gy-gencatlg
942 _2lcc
_cELECTRONIC
999 _c123486
_d123486